Idle talk (Record no. 1113621)

MARC details
000 -LEADER
fixed length control field 01050nam a2200301Ia 4500
003 - CONTROL NUMBER IDENTIFIER
control field OSt
005 - DATE AND TIME OF LATEST TRANSACTION
control field 20221006160555.0
008 - FIXED-LENGTH DATA ELEMENTS--GENERAL INFORMATION
fixed length control field 221006b |||||||| |||| 00| 0 eng d
020 ## - INTERNATIONAL STANDARD BOOK NUMBER
International Standard Book Number 9781938169090
-- 9.95
037 ## - SOURCE OF ACQUISITION
Terms of availability Textual
040 ## - CATALOGING SOURCE
Original cataloging agency EASL
Transcribing agency EASL
Language of cataloging eng
041 ## - LANGUAGE CODE
Source of code eng
Language code of text/sound track or separate title eng
100 ## - MAIN ENTRY--PERSONAL NAME
Personal name Chen Jack W. Ed.
9 (RLIN) 674205
245 #0 - TITLE STATEMENT
Title Idle talk
Remainder of title Gossip and anecdote in traditional China
260 ## - PUBLICATION, DISTRIBUTION, ETC.
Place of publication, distribution, etc. Berkeley
Name of publisher, distributor, etc. University of California Press
Date of publication, distribution, etc. 2014
300 ## - PHYSICAL DESCRIPTION
Extent 258p.
Dimensions cm.
490 ## - SERIES STATEMENT
Volume/sequential designation CEL
Series statement New perspectives on Chinese culture and society
650 ## - SUBJECT ADDED ENTRY--TOPICAL TERM
Topical term or geographic name entry element CEL
650 ## - SUBJECT ADDED ENTRY--TOPICAL TERM
Topical term or geographic name entry element China - Oral sources and written accounts
9 (RLIN) 674206
650 ## - SUBJECT ADDED ENTRY--TOPICAL TERM
Topical term or geographic name entry element China - Tales from borderland
9 (RLIN) 674207
700 ## - ADDED ENTRY--PERSONAL NAME
Personal name Schaberg David Ed.
9 (RLIN) 674208
942 ## - ADDED ENTRY ELEMENTS (KOHA)
Classification part Y:1v.41.A, Q4
Koha item type Textual
Source of classification or shelving scheme Colon Classification (CC)
Holdings
Withdrawn status Lost status Source of classification or shelving scheme Materials specified (bound volume or other part) Damaged status Not for loan Home library Current library Date acquired Source of acquisition Serial Enumeration / chronology Total Checkouts Full call number Barcode Date last seen Price effective from Koha item type
    Colon Classification (CC) 9.95     Department of East Asian Studies Library Department of East Asian Studies Library 2022-10-06 5737, 20/03/2015, Orange Books International CEL   Y:1v.41.A Q4 EA1603157 2022-10-06 2022-10-06 Textual
Copyright @ Delhi University Library System